Stavebné sporenie v SR a vo vybraných krajinách Európskej únie diplomová práca

Na minha lista:
Detalhes bibliográficos
Autor principal: Vojik, Jaroslav
Autor Corporativo: Národohospodárska fakulta EU. Katedra financií
Outros Autores: Sivák, Rudolf, 1955-
Formato: Livro
Idioma:eslovaco
Publicado em: Bratislava 2008
Tags: Adicionar Tag
Sem tags, seja o primeiro a adicionar uma tag!

MARC

LEADER 00000nam$a2200000$$$4500
001 0078816
005 20240201120413.0
041 0 |a slo 
044 |a SK 
245 1 0 |a Stavebné sporenie v SR a vo vybraných krajinách Európskej únie  |b diplomová práca  |c Jaroslav Vojik ; škol. Rudolf Sivák 
264 1 |a Bratislava  |c 2008 
300 |a 70 s. 
100 1 |a Vojik, Jaroslav 
700 1 |a Sivák, Rudolf, 1955- 
710 2 |a Národohospodárska fakulta EU. Katedra financií